000 01916nam a22002537a 4500
999 _c62888
_d62888
003 Ge_BSU
005 20250317110536.0
008 250317s1930 ge ||||| |||| 00| 0 geo d
041 _ageo
080 _a611(038) ნ-86
245 _aნორმალური ანატომიის ტერმინოლოგია :
_bლათინურ-ქართულ-რუსული, ქართულ-რუსულ-ლათინური, რუსულ-ქართულ-ლათინური /
_cწინასიტყვა: ალ. ნათიშვილი, ვუკ. ბერიძე ; ცენტრალური სამეცნიერო სატერმინოლოგიო კომიტეტი N 3.
264 _aტფილისი :
_bსახელგამი,
_c1930.
300 _a257გვ. ;
_b23 სმ.
653 _aანატომია
653 _aლათინურ-ქართულ-რუსული ანატომიის ლექსიკონები
653 _aქართულ-რუსულ-ლათინური ანატომიის ლექსიკონები
653 _aრუსულ-ქართულ-ლათინური ანატომიის ლექსიკონები
653 _aმედიცინა
700 _aნათიშვილი, ალ.
_eწინასიტყვაობის ავტორი
_922403
700 _aბერიძე, ვუკ.
_eწინასიტყვაობის ავტორი
_924573
710 _bცენტრალური სამეცნიერო სატერმინოლოგიო კომიტეტი N 3
_924574
856 _uhttps://dspace.nplg.gov.ge/bitstream/1234/502260/1/Normaluri_Anatomiis_Terminologia_1930.pdf
_yელ. ვერსია
942 _2udc
_cBK